| 000 | 00732nam a2200205Ia 4500 | ||
|---|---|---|---|
| 003 | Ost | ||
| 005 | 20260507075341.0 | ||
| 008 | 260507s9999||||xx |||||||||||||| ||und|| | ||
| 020 | _a978996101644 | ||
| 040 | _cfsecg | ||
| 041 | _aara | ||
| 082 | _a330 | ||
| 100 |
_aكساب، على _eمؤلف |
||
| 245 | 0 |
_aتسيير المخزونات : _bمقاربات مختلفة / _c على كساب |
|
| 260 |
_aالجزائر: _bديوان المطبوعات الجامعية, _c2013 |
||
| 300 |
_a479 صفحة؛ _bإيضاحات ؛ _c22 سم |
||
| 520 | _aظاهرة التخزين مقاربات ومفاهيم -مقاربة التسيير المادي -النمذجة | ||
| 653 | _aإدارة الإنتاج | ||
| 942 | _cكتاب | ||
| 999 |
_c44095 _d44095 |
||